Designing collaborative systems : a practical guide to ethnography
Αποθηκεύτηκε σε:
| Κύριος συγγραφέας: | |
|---|---|
| Μορφή: | Βιβλίο |
| Γλώσσα: | English |
| Δημοσίευση: |
London; : New York :
Springer,
c2003
|
| Σειρά: | Computer supported cooperative work
|
| Θέματα: | |
| Ετικέτες: |
Προσθήκη ετικέτας
Δεν υπάρχουν, Καταχωρήστε ετικέτα πρώτοι!
|
MARC
| LEADER | 00000nam a2200000 i 4500 | ||
|---|---|---|---|
| 001 | 1/69676 | ||
| 008 | 050119s2003 eng d | ||
| 020 | |a 1-85233-718-4 | ||
| 035 | |l 10076013 | ||
| 040 | |a GR-MY-UA |b gre |e aacr | ||
| 041 | 0 | |a eng | |
| 082 | 0 | |a 004.21 |2 (21) | |
| 100 | 1 | |a Crabtree, Andy. | |
| 245 | 1 | 0 | |a Designing collaborative systems : |b a practical guide to ethnography / |c Andy Crabtree |
| 260 | |a London; : |a New York : |b Springer, |c c2003 | ||
| 300 | |a xi, 178 σ.; |b εικ.; |c 24 εκ. | ||
| 490 | 1 | |a Computer supported cooperative work | |
| 504 | |a Βιβλιογραφία: σ. 169-176. Ευρετήριο | ||
| 650 | 0 | 0 | |a System design. |
| 650 | 0 | 0 | |a Human-computer interaction. |
| 830 | 0 | |a Computer supported cooperative work | |
| 852 | |a INST |b SAMOS |e 20050119 |h 004.21 CRA |p 005300022565 |q 005300022565 |t BK |y 0 | ||
| 852 | |a INST |b SYROS |e 20070919 |h 004.21 CRA |p 005500007150 |q 005500007150 |t BK |y 0 | ||
| 901 | |a BIBL5-2007-3 | ||
| 901 | |a BIBL3-2005-1 | ||
| 909 | |a Ε |b 138015 | ||
| 909 | |a Σ |b 114127 | ||
| 920 | |a ΔΙΕΥΡΥΝΣΗ |b ΕΠΕΑΕΚ-ΤΜΠΕΣ |y ΣΑΜΟΣ |z 2004-10 | ||
| 922 | |a 5ΕΛΗ |b 200707 |c ΕΠΕΑΕΚ2/ΤΜΣΠΣ |d ΕΛΕΥΘΕΡΟΥΔΑΚΗΣ | ||
| 970 | |a ΚΟΣΙΕΡΗΣ |b ΧΡΗΣΤΟΣ |z 2005/01/19 | ||